Statistiques concernant Films avec Cécile de France par image

Cliquez ici pour prendre le quiz!

Statistiques générales

  • Ce quiz a été pris 31 fois
  • Le résultat moyen est 5 sur 16

Statistiques - réponses

Réponse% Correct
Cars
86%
L'Auberge espagnole
75%
Un secret
43%
Illusions perdues
36%
Mademoiselle de Joncquières
36%
Quand j'étais chanteur
32%
Second tour
32%
Fauteuils d'orchestre
29%
Le Gamin au vélo
25%
Au-delà
18%
Rebelles
18%
La Belle saison
14%
Möbius
14%
Haute tension
11%
Ôtez-moi d'un doute
11%
L'Instinct de mort
7%

Distribution des résultats

Percentile par nombre de réponses

% des personnes avec chaque résultat

Votre développement - résultats

Vous n’avez pas pris ce quiz